00449nam a22001577a 45000050016000000100014000160200023000300350013000530370013000660820011000792450081000902600041001712700033002123000022002457000024002672010072606516.0 aENG-96828 a8175243473c250.00 aEN-80361 bDBAD/PUB a796.01 aScientific apparatus in sports Psychology /ccompiled by Shashi Prabha Verma aNew DelhibKhel sahitya kendrac2010 a7/26, Ansari Road Darya Ganj a119 pc21 cm (Hb) aVerma Shashi Prabha